| 000 | 00922nam a22002417a 4500 | ||
|---|---|---|---|
| 001 | 4034 | ||
| 003 | FISKH | ||
| 005 | 20240531155846.0 | ||
| 008 | 240531b cb ||||| |||| 00| 0 eng d | ||
| 040 |
_aFISKH _beng _cFISKH _dFISKH |
||
| 050 | _aLT1000.Y3745 | ||
| 082 | _a959.57 | ||
| 100 | _aYee, Patrick | ||
| 245 |
_aA boy names Harry _bThe childhood of Lee Kuan Yew _cPatrick Yee |
||
| 250 | _aFirst Edition | ||
| 260 |
_aSingapore : _bEpigram Books, _c2014 |
||
| 300 |
_a38 unnumbered pages : _c26 cm |
||
| 505 | _aK | ||
| 520 | _aSingapore's first prime minister, Lee Kuan Yew, was called Harry when he was young. In school, he was at times playfl and mischievous, but also had a fighting spirit and a determination to do well. This book introduces Harry and talks about his life from birth to college.--Publisher's description | ||
| 521 | 8 |
_a510
_bLexile estimate |
|
| 521 | 8 |
_aRaz-Plus _bK |
|
| 942 |
_2ddc _cBK _n0 |
||
| 999 |
_c4034 _d4034 |
||